000
00340nam a2200157Ia 4500
001
32152
003
IN-NITTTR
005
20251114233428.0
008
251113s9999||||xx |||||||||||||| ||eng||
040
_b
eng
040
_c
IN-NITTTR
041
_a
eng
082
_a
621.399 G643D
245
0
_a
Digital Image processing /
942
_2
ddc
_c
BK
999
_c
34782
_d
34782